US Presidents Who Have Invoked the Insurrection Act - Statistics

General Stats
  • This quiz has been taken 60 times
  • The average score is 12 of 15
Answer Stats
Year(s) Reason President % Correct
1861 Secession of southern states, American Civil War Abraham Lincoln
98%
1987 Prison riot Ronald Reagan
94%
1943 Race riot Franklin D. Roosevelt
92%
1989, 1992 Looting after hurricane; L.A. Riots George H.W. Bush
92%
1962, 1963 To enforce court-ordered desegregation John F. Kennedy
90%
1965–1968 To protect march; to suppress riots and unrest Lyndon B. Johnson
90%
1954 To enforce court-ordered desegregation Dwight D. Eisenhower
83%
1871–6 Insurrection; election riots; attempted coup Ulysses S. Grant
83%
1914 Strike and uprising Woodrow Wilson
79%
1831, 1834 Border dispute; slave rebellion; labor dispute Andrew Jackson
77%
1885–6, 1894 Riots against Chinese citizens, strike Grover Cleveland
71%
1877, 1878 Railroad strike; gang war Rutherford B. Hayes
69%
1808 To enforce the Embargo Act Thomas Jefferson
69%
1921 Strike and uprising Warren G. Harding
63%
1882 Gang violence Chester A. Arthur
58%
No matching quizzes found
Score Distribution
Percent of People with Each Score
Percentile by Number Answered
Your Score History
You have not taken this quiz